000 00392nam a2200109Ia 4500
008 160909s9999 xx 000 0 und d
100 _aBrogden, Mette
245 _aRefugee odysseys: An ethnography of refugee resettlement in the U.S. after 9-11
260 _bThe University of Arizona.
_c2016
650 _aENTREPRENEURSHIP
856 _uhttp://pqdtopen.proquest.com/doc/1766591707.html?FMT=ABS
999 _c304497
_d304497